000 02844nam a2200205 i 4500
001 163061
003 ES-MaACL
005 20250731050202.0
008 931025s1797 sp |||| | spa d
110 2 _aReal Academia Médica de Madrid.
_9223792
245 1 0 _aMemorias de la Real Academia Médica de Madrid.
_nI,
_p1797.
260 _aMadrid :
_ben la Imprenta Real :
_bpor Don Pedro Julian Pereyra,
_c1797.
300 _aLII, 497 p. ;
_c26cm.
505 8 0 _aContiene: Noticia histórica del origen, progresos y estado actual de la Real Academia Médica de Madrid (p. I-LII) . Disertación química fisiológica sobre la respiración y la sangre consideradas como origen y primer principio de la vitalidad de los animales / Ignacio María Ruiz de Luzuriaga (p. 1-98) . Observaciones sobre el cultivo del arroz en el Reino de Valencia y su influencia en la salud pública / Antonio Joseph Antilles (p. 99-128) . Memoria sobre el azul de Prusia / Luis Proust (p. 129-138) . Memoria sobre la mina de hierro llamada vulgarmente pyrita / Luis Proust (p. 139-144) . Observaciones sobre el influjo de la luz solar, especialmente en la purificación del ácido nítrico / Domingo García Fernández (p. 145-158) . Discurso sobre un punto de medicina forensa / J. S.(p. 159-168) . Memoria sobre un medio de formar artificialmente las aguas marciales sin que el hierro se oxigene ni se separe de ellas / Gregorio Bañares (p. 169-174) . Observaciones sobre la quina / Gregorio Bañares (p. 175-182) . Resumen de las propiedades principales del platino / Francisco Chabaneau (p. 183-188) . Memoria sobre los efectos que produce el alkali volatil en las substancias naturales / Joseph Iberti (p. 189-190) . Disertación botánica sobre los géneros tovaria, actinophyllum, araucaria y salmia / Joseph Pavón (p. 191-204) . Disertación médica sobre el cólico de Madrid / Ignacio María Ruiz de Luzuriaga (p. 205-348) . Memoria sobre la ratanhia / Hipólito Ruiz (p. 349-366) . Memoria sobre la legitima calaguala / Hipólito Ruiz (p. 367-392) . Memoria sobre la canchalagua / Hipólito Ruiz (p. 393-404) . Memoria sobre la raíz de China descubierta en el Perú / Hipólito Ruiz (p. 405-420) . Disertación sobre las funestas consecuencias del estado de inercia del útero / Juan Hirigoiti (p. 421-430) . Ensayo apologético en que se prueba que el descubrimiento de hacer agua potable el agua del mar... / Ignacio María Ruiz de Luzuriaga (p. 431-454) . Memoria sobre la dificultad de respirar periódica que manifiesta el influjo de la luna en el cuerpo humano / Antonio Franseri (p. 455-497).
700 1 _aPereyra, Pedro Julián.
_9131007
710 2 _aImprenta Real (Madrid)
_9134468
710 2 _aReal Academia Nacional de Medicina (España)
_96344
852 _aES-MaACL
_jK-96
_z- Enc. pasta española
999 _c163061
_d163061